Normal view
MARC view
- القضاة، براء نايف حسن
Entry Personal Name
001 - CONTROL NUMBER
- control field: 65595
003 - CONTROL NUMBER IDENTIFIER
- control field: JO-AjAnu
005 - DATE AND TIME OF LATEST TRANSACTION
- control field: 20240625102953.0
008 - FIXED-LENGTH DATA ELEMENTS
- fixed length control field: 240625|| aca||aabn | a|a d
040 ## - CATALOGING SOURCE
- Original cataloging agency: JO-AjAnu
100 ## - HEADING--PERSONAL NAME
- Personal name: القضاة، براء نايف حسن